000 00581nam a2200193 4500
003 OSt
005 20240701070928.0
006 a
008 240701b |||||||| |||| 00| 0 eng d
020 _a9780136114444
040 _aDWCL-Main lib.
_cOC
082 _2Ninth edition
_aCirc. 658.4038011 L372e 2011
100 _aLaudon, Kenneth C.
245 _aEssentials of management information systems /
250 _aNinth edition
260 _aN. J. :
_bPearson education, Inc.,
_cc2011.
300 _bvarious paging: ill. ;
_c28 cm.
942 _2ddc
_n0
_cBK-CIRC
_eNinth edition
_kCirc.
999 _c1723
_d1723